[Event "EU-chT (Men) 14th"]
[Site "Plovdiv"]
[Date "2003.10.15"]
[Round "5.4"]
[White "Thorfinnsson, Bjorn"]
[Black "Gandy, Andrew"]
[Result "1/2-1/2"]
[WhiteElo "2351"]
[BlackElo "2104"]
[PlyCount "72"]
[EventDate "2003.10.10"]
[EventType "team-swiss"]
[EventRounds "9"]
[EventCountry "BUL"]
[SourceTitle "CBM 098"]
[Source "ChessBase"]
[SourceDate "2004.02.03"]
[SourceVersion "1"]
[SourceVersionDate "2004.02.03"]
[SourceQuality "1"]
[WhiteTeam "Iceland"]
[BlackTeam "Wales"]
[WhiteTeamCountry "ISL"]
[BlackTeamCountry "WLS"]

1. d4 d5 2. Nf3 c6 3. c4 Nf6 4. Nc3 dxc4 5. a4 Na6 6. e4 Bg4 7. Bxc4 Bxf3 8. gxf3 e6 9. Qe2 Nb4 10. Be3 Qc7 11. d5 e5 12. dxc6 bxc6 13. 0-0 a5 14. Nb5 Qb8 15. f4 Be7 16. fxe5 Qxe5 17. f4 Qb8 18. Nc3 Qc8 19. Kh1 Qg4 20. Qf2 Qh3 21. Qf3 Qxf3+ 22. Rxf3 Nc2 23. Rc1 Nxe3 24. Rxe3 0-0 25. e5 Ng4 26. Re2 Kh8 27. Ne4 Rad8 28. Kg2 Nh6 29. Ng3 g6 30. Rcc2 Rd4 31. Kf3 Bb4 32. Re4 Rfd8 33. Be2 Rxe4 34. Kxe4 c5 35. Ke3 Kg7 36. Bf3 Rd4 1/2-1/2

[Event "EU-chT (Men) 14th"]
[Site "Plovdiv"]
[Date "2003.10.13"]
[Round "3.4"]
[White "Gandy, Andrew"]
[Black "Stanojoski, Zvonko"]
[Result "0-1"]
[WhiteElo "2104"]
[BlackElo "2497"]
[PlyCount "98"]
[EventDate "2003.10.10"]
[EventType "team-swiss"]
[EventRounds "9"]
[EventCountry "BUL"]
[SourceTitle "CBM 098"]
[Source "ChessBase"]
[SourceDate "2004.02.03"]
[SourceVersion "1"]
[SourceVersionDate "2004.02.03"]
[SourceQuality "1"]
[WhiteTeam "Wales"]
[BlackTeam "Macedonia"]
[WhiteTeamCountry "WLS"]
[BlackTeamCountry "MKD"]

1. d4 Nf6 2. c4 c5 3. d5 b5 4. cxb5 a6 5. b6 Qxb6 6. Nc3 d6 7. Nf3 g6 8. Nd2 Bg7 9. e4 0-0 10. Be2 a5 11. a4 Na6 12. Nc4 Qd8 13. 0-0 Nb4 14. Bf4 Ba6 15. Rc1 Nd7 16. Qd2 f5 17. f3 Rf7 18. Na3 Qb6 19. Bxa6 Qxa6 20. Nab5 Rc8 21. b3 c4 22. bxc4 Nc5 23. Rb1 Ncd3 24. Be3 Rxc4 25. Na2 fxe4 26. Nxb4 axb4 27. fxe4 Rxf1+ 28. Rxf1 Qxa4 29. Nxd6 exd6 30. Qxd3 b3 31. e5 Bxe5 32. Bh6 Rc8 33. Qf3 Qa7+ 34. Kh1 Qe7 35. Qxb3 Qh4 36. Qh3 Qxh3 37. gxh3 Bg7 38. Bf4 Bf8 39. Kg2 Rc4 40. Be3 Rc3 41. Kf3 Bh6 42. Re1 Kf7 43. Ke4 Rxe3+ 44. Rxe3 Bxe3 45. Kxe3 Kf6 46. Kf4 g5+ 47. Ke4 h6 48. h4 gxh4 49. Kf4 h3 0-1

[Event "BCF-chT3 0203 (4NCL)"]
[Site "West Bromwich"]
[Date "2003.05.26"]
[Round "11.4"]
[White "Gandy, Andrew"]
[Black "Elwin, Adrian G"]
[Result "1-0"]
[WhiteElo "2097"]
[BlackElo "2031"]
[PlyCount "73"]
[EventDate "2002.11.??"]
[EventType "team-tourn"]
[EventRounds "11"]
[EventCountry "ENG"]
[SourceTitle "EXT 2004"]
[Source "ChessBase"]
[SourceDate "2003.11.25"]
[SourceVersion "1"]
[SourceVersionDate "2003.11.25"]
[SourceQuality "1"]
[WhiteTeam "Nidum Knights"]
[BlackTeam "Milton Keynes"]
[WhiteTeamCountry "ENG"]
[BlackTeamCountry "ENG"]

1. d4 d5 2. c4 c6 3. Nc3 Nf6 4. Bg5 Ne4 5. Nxe4 dxe4 6. Qd2 h6 7. Bh4 g5 8. Bg3 Bg7 9. e3 Bf5 10. Ne2 Nd7 11. Nc3 Bg6 12. Be2 Rc8 13. 0-0 0-0 14. Rad1 Nb6 15. b3 Re8 16. f3 e5 17. fxe4 exd4 18. exd4 Bxe4 19. Bh5 Bg6 20. Bxg6 fxg6 21. Qd3 Re6 22. Ne4 c5 23. Nxc5 Qxd4+ 24. Qxd4 Bxd4+ 25. Rxd4 Rxc5 26. Rd8+ Kg7 27. Rb8 Rf5 28. Rxb7+ Kf6 29. Rxa7 h5 30. Ra6 h4 31. Rxf5+ gxf5 32. Bf2 Nd7 33. Rxe6+ Kxe6 34. Bd4 Nb8 35. Kf2 g4 36. Ke3 Nc6 37. Bc3 1-0

[Event "BCF-chT3 0102 (4NCL)"]
[Site "Birmingham"]
[Date "2002.01.19"]
[Round "5.5"]
[White "Gandy, Andrew"]
[Black "Pitcher, John"]
[Result "1-0"]
[WhiteElo "2067"]
[BlackElo "2128"]
[PlyCount "117"]
[EventDate "2001.09.??"]
[EventType "team-tourn"]
[EventRounds "11"]
[EventCountry "ENG"]
[SourceTitle "EXT 2003"]
[Source "ChessBase"]
[SourceDate "2002.11.25"]
[SourceVersion "1"]
[SourceVersionDate "2002.11.25"]
[SourceQuality "1"]
[WhiteTeam "Nidum Knights"]
[BlackTeam "Warwicks Select II"]
[WhiteTeamCountry "ENG"]
[BlackTeamCountry "ENG"]

1. d4 d5 2. c4 c6 3. Nf3 Nf6 4. Qc2 dxc4 5. Qxc4 Bf5 6. Nc3 Nbd7 7. g3 e6 8. Bg2 Be7 9. 0-0 h6 10. e3 0-0 11. Rd1 Qc7 12. Qe2 Ne4 13. Nd2 Nxc3 14. bxc3 e5 15. e4 Bg6 16. Nc4 b5 17. Ne3 Rfd8 18. Nc2 c5 19. d5 c4 20. f4 Bd6 21. f5 Bh7 22. Be3 a5 23. a3 Rab8 24. Rab1 Kh8 25. Kh1 Rdc8 26. g4 Qd8 27. Bf2 Bg8 28. h4 f6 29. Be3 Bc5 30. Bc1 Bd6 31. Rf1 Bf7 32. Rf3 Nc5 33. Rg3 Be7 34. Bf3 Nd3 35. Bd2 Kg8 36. g5 fxg5 37. hxg5 Bxg5 38. Bxg5 hxg5 39. Rbg1 Rb6 40. Qe3 Rh6+ 41. Kg2 Nf4+ 42. Kf1 Rh2 43. Bd1 Kf8 44. Rxg5 Rh7 45. R5g3 Qh4 46. Ne1 Qf6 47. Nf3 g6 48. Ng5 Rh2 49. Nxf7 Qxf7 50. fxg6 Nxg6+ 51. Ke1 Nf4 52. Rg8+ Ke7 53. Qa7+ Kf6 54. Qxf7+ Kxf7 55. Bh5+ Nxh5 56. Rxc8 Nf4 57. Rc7+ Kf6 58. Rgg7 Rh1+ 59. Kf2 1-0

[Event "BCF-chT3b 0001 (4NCL)"]
[Site "Birmingham"]
[Date "2000.11.26"]
[Round "4.5"]
[White "Taylor, Peter P"]
[Black "Gandy, Andrew"]
[Result "1-0"]
[WhiteElo "2187"]
[BlackElo "2067"]
[PlyCount "145"]
[EventDate "2000.11.26"]
[EventType "team-tourn"]
[EventRounds "7"]
[EventCountry "ENG"]
[SourceTitle "EXT 2002"]
[Source "ChessBase"]
[SourceDate "2001.11.25"]
[SourceVersion "1"]
[SourceVersionDate "2001.11.25"]
[SourceQuality "1"]
[WhiteTeam "Barbican III"]
[BlackTeam "Nidum Knights"]
[WhiteTeamCountry "ENG"]
[BlackTeamCountry "ENG"]

1. c4 c5 2. g3 g6 3. Bg2 Bg7 4. Nc3 Nc6 5. Nf3 Nf6 6. d4 cxd4 7. Nxd4 0-0 8. 0-0 a6 9. Bf4 Qb6 10. Nb3 d6 11. Qd2 Qb4 12. Rac1 Rb8 13. c5 Nh5 14. Be3 Rd8 15. cxd6 Rxd6 16. Qe1 Rd8 17. Bc5 Qc4 18. Nd5 Qb5 19. Nc3 Qc4 20. Bb6 Re8 21. Bc7 Ra8 22. Nd5 Qg4 23. Nb6 Ra7 24. Qd2 Nf6 25. Nxc8 Rxc8 26. Bb6 Raa8 27. Rc2 Nd7 28. Be3 Qe6 29. Rfc1 Nde5 30. Nc5 Qxa2 31. Nxb7 Qe6 32. Bd5 Qh3 33. Rxc6 Nxc6 34. Rxc6 Rxc6 35. Bxc6 Qe6 36. Bd5 Qf6 37. Nc5 Rc8 38. Bb7 Re8 39. b4 Qa1+ 40. Qc1 Qxc1+ 41. Bxc1 Bc3 42. Nxa6 Rd8 43. Bf4 e5 44. Be3 Bxb4 45. Nxb4 Rb8 46. Nd3 Rxb7 47. Nxe5 Rb2 48. Kf1 f6 49. Nd3 Rb1+ 50. Kg2 Kf7 51. h4 Rb5 52. Nf4 Rb2 53. Bd4 Ra2 54. e3 Ra5 55. Kf3 f5 56. Nh3 h6 57. g4 fxg4+ 58. Kxg4 Rb5 59. f4 Rb1 60. h5 Rf1 61. hxg6+ Kxg6 62. f5+ Kf7 63. Nf4 Rg1+ 64. Kf3 Rf1+ 65. Ke2 Rh1 66. e4 Rh4 67. Kf3 Rh1 68. e5 Rf1+ 69. Kg4 Re1 70. e6+ Ke8 71. f6 h5+ 72. Kf5 Rc1 73. f7+ 1-0

[Event "BCF-chT2 9900 (4NCL)"]
[Site "Birmingham"]
[Date "2000.01.23"]
[Round "6.6"]
[White "Gandy, Andrew"]
[Black "Ledger, Stephen C"]
[Result "1/2-1/2"]
[WhiteElo "2085"]
[BlackElo "2162"]
[PlyCount "59"]
[EventDate "1999.10.??"]
[EventType "team-tourn"]
[EventRounds "11"]
[EventCountry "ENG"]
[SourceTitle "EXT 2001"]
[Source "ChessBase"]
[SourceDate "2000.11.22"]
[SourceVersion "1"]
[SourceVersionDate "2000.11.22"]
[SourceQuality "1"]
[WhiteTeam "Nidum Knights"]
[BlackTeam "POI"]
[WhiteTeamCountry "ENG"]
[BlackTeamCountry "ENG"]

1. d4 Nf6 2. c4 c5 3. d5 b5 4. Nf3 bxc4 5. Nc3 g6 6. e4 d6 7. Bxc4 Bg7 8. 0-0 0-0 9. Bf4 Nbd7 10. h3 Qb6 11. Qe2 Rb8 12. Rab1 Ne8 13. e5 dxe5 14. Nxe5 Nxe5 15. Bxe5 Bxe5 16. Qxe5 Bf5 17. Rbc1 Nd6 18. Bb3 c4 19. Ba4 Bd3 20. Rfe1 Nf5 21. b3 Rfd8 22. Ne2 Bxe2 23. Rxe2 cxb3 24. Bxb3 Nd4 25. Re3 Qf6 26. Qxe7 Qxe7 27. Rxe7 Nxb3 28. axb3 Rxd5 29. Rcc7 Rf5 30. Rb7 1/2-1/2

[Event "West Wales op"]
[Site "Swansea"]
[Date "1999.09.12"]
[Round "5.4"]
[White "Gandy, Andrew"]
[Black "Jones, Ian Robert"]
[Result "1/2-1/2"]
[WhiteElo "2051"]
[BlackElo "2015"]
[PlyCount "79"]
[EventDate "1999.09.??"]
[EventType "swiss"]
[EventRounds "5"]
[EventCountry "WLS"]
[SourceTitle "EXT 2004"]
[Source "ChessBase"]
[SourceDate "2003.11.25"]
[SourceVersion "1"]
[SourceVersionDate "2003.11.25"]
[SourceQuality "1"]

1. d4 Nc6 2. c4 e5 3. d5 Nce7 4. e4 d6 5. Bd3 g6 6. f4 exf4 7. Bxf4 Bg7 8. Qe2 Nf6 9. Nf3 0-0 10. 0-0 Nh5 11. Bg5 f6 12. Bd2 f5 13. e5 dxe5 14. Nxe5 c6 15. Bg5 Qd6 16. Re1 cxd5 17. Nf3 Nc6 18. cxd5 Nd4 19. Nxd4 Bxd4+ 20. Kh1 Nf6 21. Nc3 Ng4 22. g3 Bxc3 23. bxc3 Qxd5+ 24. Kg1 Qc5+ 25. Kg2 Qd5+ 26. Kg1 Qc5+ 27. Kg2 b5 28. Bxb5 Bb7+ 29. Kh3 Nf2+ 30. Kh4 Ne4 31. Qc4+ Qxc4 32. Bxc4+ Kg7 33. Be3 Rac8 34. Bd4+ Kh6 35. Bd3 Rfd8 36. Bxe4 Bxe4 37. g4 g5+ 38. Kh3 Kg6 39. gxf5+ Bxf5+ 40. Kg3 1/2-1/2

[Event "West Wales op"]
[Site "Swansea"]
[Date "1999.09.12"]
[Round "4.2"]
[White "Jones, Iolo Cerredig"]
[Black "Gandy, Andrew"]
[Result "1-0"]
[WhiteElo "2269"]
[BlackElo "2085"]
[PlyCount "57"]
[EventDate "1999.09.??"]
[EventType "swiss"]
[EventRounds "5"]
[EventCountry "WLS"]
[SourceTitle "EXT 2004"]
[Source "ChessBase"]
[SourceDate "2003.11.25"]
[SourceVersion "1"]
[SourceVersionDate "2003.11.25"]
[SourceQuality "1"]

1. d4 Nf6 2. Nf3 g6 3. Bg5 Bg7 4. Nbd2 d5 5. e3 b6 6. Bb5+ c6 7. Bd3 Bb7 8. 0-0 0-0 9. Qe2 c5 10. c3 Nbd7 11. Bc2 Re8 12. Ba4 a6 13. Ne5 b5 14. Nxd7 Qxd7 15. Bc2 Qc6 16. Nb3 cxd4 17. cxd4 Rac8 18. Rac1 Qb6 19. f4 Nd7 20. f5 e5 21. Qf2 Bf6 22. fxg6 fxg6 23. Bxf6 Rf8 24. dxe5 Nxe5 25. Qg3 Rxf6 26. Qxe5 Rxf1+ 27. Rxf1 Rxc2 28. Qe8+ Kg7 29. Qf8# 1-0